La Bonne Auberge - Tableau de chasse - Statistiques

Statistiques générales
  • Ce quiz a été pris 18 fois
  • Le résultat moyen est 15 sur 22
Statistiques - réponses
Qui a tué... Réponse % Correct
Le plus d'orcs ? Birzim
87%
L'hydroloth ? Trépide
87%
Kattaluu ? Mina
80%
Le plus de waraths ? Birzim
73%
Le plus de kobolds ? Mina
73%
Septima Laenas ? Mina
73%
Vadin ? Birzim
67%
Le plus de squelette ? Corb
67%
L'oinoloth ? Corb
67%
Le Géant des collines ? Corb
67%
L'hydre ? Corb
67%
Le Tyranoeil ? Corb
67%
Le slaad ? Birzim
67%
Le cube gélatineux ? Birzim
67%
Le mimique ? Mina
67%
Tegwazhi ? Mina
67%
Le Héraut d'Arawiti ? Yzéir
67%
Ethelvi de Calvenès Yzéir
67%
Le dragon rouge ? Yzéir
67%
Izati ? Yzéir
67%
La fleur putride ? Aleksander
60%
La guenaude verte ? Yzéir
60%
Aucun quiz correspondant
Distribution des résultats
% des personnes avec chaque résultat
Percentile par nombre de réponses
Votre historique - résultats
Vous n’avez pas pris ce quiz